000 00318 a2200145 4500
001 61565
020 _a
040 _cAnchieta - Pituba
240 1 0 _aMata atlântica
_lpor
245 1 0 _aMata atlântica
300 _a37
362 0 _a2000
650 4 _aBIOLOGIA, CIÊNICAS DA VIDA (CIÊNCIAS NATURAIS)
942 _cBK
999 _c61565
_d61565